000 00430nam a2200193Ia 4500
005 20240823060010.0
008 240823s9999||||xx |||||||||||||| ||und||
041 _aENGLISH
082 _A658.848
100 _aVarma M M
245 0 _aExport Manmagement
250 _a1st
260 _b"Forward,"
500 _aYES
650 _aManagement
_bManagement Studies
700 _a Agarwal R K
942 _cBK
999 _c230099
_d230099